Loading...
| History - American | 0 | 5 | 2 | 1 | 40 | 34 | 69.40 | 0 | 4 | 16.58 | 24.62 |
| Literature - World | 0 | 4 | 0 | 2 | 40 | 90 | 105.00 | 0 | 0 | 3.03 | 7.32 |
| History - World | 0 | 4 | 0 | 0 | 40 | 28 | 64.50 | 0 | 2 | 14.62 | 17.93 |
| Geography | 0 | 4 | 0 | 2 | 40 | 94 | 99.25 | 0 | 0 | 4.47 | 13.10 |
| Fine Arts - Classical Music | 0 | 3 | 0 | 0 | 30 | 72 | 97.67 | 0 | 0 | 3.82 | 9.72 |
| Science - Chemistry | 0 | 3 | 0 | 2 | 30 | 94 | 104.00 | 0 | 0 | 0.57 | 6.44 |
| Mythology | 0 | 2 | 0 | 1 | 20 | 59 | 71.00 | 0 | 0 | 6.05 | 5.68 |
| History - Other | 0 | 2 | 0 | 0 | 20 | 102 | 107.50 | 0 | 1 | 0.24 | 6.44 |
| History - European | 0 | 2 | 1 | 0 | 15 | 73 | 83.50 | 0 | 0 | 4.31 | 5.05 |
| Fine Arts - Other | 0 | 1 | 0 | 0 | 10 | 109 | 109.00 | 0 | 0 | 1.23 | 4.04 |
| Literature - British | 0 | 1 | 0 | 0 | 10 | 80 | 80.00 | 0 | 0 | 2.71 | 3.41 |
| Popular Culture | 0 | 1 | 0 | 0 | 10 | 121 | 121.00 | 0 | 0 | 0.00 | 6.25 |
| Science - Biology | 0 | 1 | 0 | 0 | 10 | 110 | 110.00 | 0 | 0 | 0.00 | 1.14 |
| Social Science | 0 | 1 | 0 | 0 | 10 | 58 | 58.00 | 0 | 1 | 6.75 | 8.93 |
| Science - Other | 0 | 1 | 0 | 1 | 10 | 111 | 111.00 | 0 | 0 | 0.00 | 2.27 |
| Religion | 0 | 1 | 1 | 0 | 5 | 70 | 70.00 | 0 | 0 | 2.66 | 5.05 |
| Philosophy | 0 | 0 | 0 | 0 | 0 | 0.00 | 0 | 0 | 0.00 | 0.00 | |
| Science - Physics | 0 | 0 | 0 | 0 | 0 | 0.00 | 0 | 0 | 0.00 | 0.00 | |
| Fine Arts - Painting and Sculpture | 0 | 0 | 1 | 0 | -5 | 0.00 | 0 | 0 | 0.00 | 0.00 |